1. HNL 2025/26 First XI - Statistics

General Stats
  • This quiz has been taken 33 times
  • The average score is 35 of 110
Answer Stats
Club Position Nationality Player % Correct
Rijeka AM Toni Fruk
75%
Dinamo Zagreb FW Dion Drena Beljo
71%
Hajduk Split DM Filip Krovinović
71%
Varaždin CB Lamine Ba
71%
Rijeka GK Martin Zlomislić
71%
Dinamo Zagreb GK Ivan Nevistić
67%
Hajduk Split GK Ivica Ivušić
67%
Dinamo Zagreb CM Dejan Ljubicic
63%
Dinamo Zagreb LB Matteo Perez Vinlöf
63%
Dinamo Zagreb CB Scott McKenna
63%
Hajduk Split DM Adrion Pajaziti
58%
Hajduk Split AM Anthony Kalik
58%
Hajduk Split RB Fran Karačić
58%
Dinamo Zagreb CM Josip Mišić
58%
Dinamo Zagreb RB Moris Valinčić
58%
Hajduk Split LB Šimun Hrgović
58%
Dinamo Zagreb FW Gabriel Vidovic
54%
Dinamo Zagreb FW Mateo Lisica
54%
Dinamo Zagreb CB Sergi Dominguez
54%
Hajduk Split CB Zvonimir Šarlija
54%
Hajduk Split CB Branimir Mlacic
50%
Dinamo Zagreb CM Gonzalo Villar
50%
Osijek GK Marko Malenica
50%
Istra 1961 AM Salim Fago Lawal
50%
Rijeka CB Stjepan Radeljić
50%
Rijeka DM Tiago Dantas
50%
Slaven Belupo AM Adriano Jagusic
46%
Lokomotiva Zagreb FW Aleks Stojakovic
46%
Rijeka CB Ante Majstorović
46%
Rijeka LB Mladen Devetak
46%
HNK Vukovar '91 AM Robin González
46%
Rijeka AM Merveille Ndockyt
42%
Rijeka FW Duje Čop
38%
Varaždin GK Oliver Zelenika
38%
Hajduk Split AM Roko Brajković
38%
Istra 1961 FW Smail Prevljak
38%
Istra 1961 AM Stjepan Lončar
38%
Hajduk Split AM Bruno Durdov
33%
Gorica FW Filip Čuić
33%
Varaždin FW Ivan Mamut
33%
Slaven Belupo AM Mihail Caimacov
33%
Osijek AM Nail Omerovic
33%
Rijeka DM Niko Janković
33%
Istra 1961 CB Ville Koski
33%
Rijeka RB Ante Orec
29%
Gorica DM Iker Pozo
29%
Varaždin AM Iuri Tavares
29%
Gorica DM Jurica Pršir
29%
Lokomotiva Zagreb LM Marko Pajač
29%
Osijek RB Renan Guedes
29%
Hajduk Split FW Yassine Benrahou
29%
Varaždin AM Aleksa Latkovic
25%
Varaždin LB Antonio Borsic
25%
Gorica GK Davor Matijas
25%
Slaven Belupo AM Ivan Božić
25%
Gorica CB Jakov Filipović
25%
HNK Vukovar '91 RB Paul Tabinas
25%
Osijek AM Stanislav Shopov
25%
Osijek CB Styopa Mkrtchyan
25%
Slaven Belupo CB Tomislav Božić
25%
HNK Vukovar '91 FW Törles Knöll
25%
Istra 1961 DM Antonio Mauric
21%
Lokomotiva Zagreb CB Denis Kolinger
21%
Osijek LB Domagoj Bukvić
21%
Gorica AM Domagoj Pavičić
21%
Slaven Belupo CB Dominik Kovačić
21%
Lokomotiva Zagreb FW Dusan Vukovic
21%
Istra 1961 GK Franko Kolić
21%
Osijek DM Hrvoje Babec
21%
Slaven Belupo FW Igor Lepinjica
21%
Lokomotiva Zagreb GK Josip Posavec
21%
Slaven Belupo DM Ljuban Crepulja
21%
Osijek DM Luka Vrbančić
21%
Istra 1961 LB Marcel Heister
21%
Gorica CB Marijan Čabraja
21%
Varaždin CB Mario Mladenovski
21%
HNK Vukovar '91 CB Mario Tadić
21%
Gorica CB Mateo Leš
21%
Varaždin DM Tomislav Duvnjak
21%
HNK Vukovar '91 GK Anton Đaković
17%
Lokomotiva Zagreb CM Domagoj Antolić
17%
Gorica DM Elvir Duraković
17%
Istra 1961 AM Emil Frederiksen
17%
Osijek CB Emin Hasic
17%
Lokomotiva Zagreb FW Fabijan Krivak
17%
Rijeka AM Gabrijel Rukavina
17%
Istra 1961 DM Josip Radošević
17%
Varaždin DM Leon Belcar
17%
HNK Vukovar '91 AM Lovro Banovec
17%
Lokomotiva Zagreb CB Marin Leovac
17%
Lokomotiva Zagreb RM Mario Šitum
17%
HNK Vukovar '91 LB Mario Tičinović
17%
Lokomotiva Zagreb CM Matija Subotić
17%
Istra 1961 RB Advan Kadušić
13%
Gorica AM Ante Kavelj
13%
Lokomotiva Zagreb CB Diop Mbacke
13%
Slaven Belupo RB Filip Kruselj
13%
Osijek AM Filip Živković
13%
HNK Vukovar '91 DM Jakov Biljan
13%
Gorica DM Luka Vrzić
13%
Istra 1961 CB Mohamed Nasraoui
13%
Varaždin RB Novak Tepšić
13%
Slaven Belupo GK Osman Hadzikic
13%
Varaždin AM Petar Bočkaj
13%
Slaven Belupo LB Antonio Jakir
8%
HNK Vukovar '91 AM Leoni
8%
HNK Vukovar '91 CB Ricardo Henning
8%
HNK Vukovar '91 DM Samuel Koeberlé
8%
Osijek FW Yannick Toure
8%
Slaven Belupo DM Michael Agbepkonu
4%
No matching quizzes found
Score Distribution
Percent of People with Each Score
Percentile by Number Answered
Your Score History
You have not taken this quiz